000 00448nam a22001817a 4500
003 MPLRDC
005 20220104144402.0
008 210129b ||||| |||| 00| 0 eng d
020 _a962-14-0187-9
082 _a953.3 LY
100 _a亮仪编著
245 _a图解艺术人像摄影
_c
250 _a初版
260 _a
_b万里书店
_c1989
300 _b
650 _a拍摄艺术; 美术摄影术--人像
942 _cBK
_o953.3 LY
999 _c49103
_d49093